000 00631nam a2200229 4500
001 bimo0001899288
003 CO-ViMGA
005 20230915233130.0
008 031125s2003 mx | ||| ||spa
020 _a9786070719097
040 _aCO-ViMGA
_bspa
_cCO-ViMGA
082 0 4 _aM863 T14s
100 1 _aTaibo, Paco Ignacio
_d1949-
_93253
245 1 0 _aSueƱos de frontera
_h[Texto impreso] ;
_cPaco Ignacio Taibo II
250 _a1a. ed.
260 _aMexico,
_bJoaquin Mortiz
_c2013
300 _a109 p.
_c18 cm
490 1 _aNovela
490 1 _aSerie Belascoaran
_v7
650 1 4 _aNovela mexicana
_92492
942 _2ddc
_cBK
999 _c35458
_d35458